| 000 | 01647njm a22003497a 4500 | ||
|---|---|---|---|
| 005 | 20100903154927.0 | ||
| 006 | a|||||r|||||00| 0 | ||
| 007 | sd ammalaaahaa | ||
| 008 | 100901t xxu||||| |||| 00| 0 eng d | ||
| 028 |
_aN.52589 _bHis Master 's Voice |
||
| 035 | _aGR-472 | ||
| 040 |
_aSED _cSED |
||
| 100 |
_aDey,Manna _917816 |
||
| 245 |
_aTeerth yatra / _cby MannaDey,Suman Hemadey;Music Suresh &Talvar,Lyric Deepak _h[Sound Recording]: |
||
| 246 | _aतीर्थ यात्रा (मन्नाडे) (सुमन हेमादेय ) | ||
| 260 |
_aDum Dum, India: _bHis Master 's Voice |
||
| 300 |
_a1 sound Disc [GramaphoneRecording] : _banalog, 33 1/3 rpm ; _c9.5 in (MP) _fGramaphone Records |
||
| 500 | _aBrief Record | ||
| 505 | _a1 अनोखा होनहार का खेल (तीर्थ यात्रा )(मन्नाडे ,सुमन हेमादेय साइड २ समझो जिस को अमृत (सुमन हेमादेय ) & मनोहरमा हेमादेय )1Anokha Honhar ka khel (Teerth yatra)(MannaDey,Suman HemadeySide2Samjho ji ko amrit (SumanHemadey& Manoharama Hemadey) | ||
| 650 |
_aMotion Picture Music _xExcerpts _zIndia _917817 |
||
| 700 |
_aHemdey,Suman _918029 |
||
| 700 |
_aBarrey,Manhorama _918146 |
||
| 700 |
_aSuresh _918147 |
||
| 700 |
_aTalwar _918148 |
||
| 700 |
_aDeepak _918149 |
||
| 700 |
_aAdarsh _918150 |
||
| 700 |
_aRashid,Kamil _918080 |
||
| 700 |
_a Vyas,Bharat _918054 |
||
| 700 |
_aMajrooh _918030 |
||
| 942 |
_2ddc _cGR |
||
| 999 |
_c43623 _d43623 |
||